000 01011nam a2200313 i 4500
005 20260322212021.0
008 data
010 _a 78051971
020 _a0913948209
020 _a9780913948200
040 _aDLC
_cDLC
_dDLC
042 _alcac
050 0 0 _aQL617
_b.D69
082 0 0 _a597
092 _a597 D69 1978
100 1 _aDozier, Thomas A.
245 1 0 _aFishes of lakes, rivers & oceans :
_bbased on the television series Wild, wild world of animals /
_cThomas A. Dozier & Time-Life Television.
260 _a[New York] :
_bTime-Life Films,
_cc1978.
300 _a128 p. :
_bill. (some col.) ;
_c28 cm.
440 0 _aWild, wild world of animals
500 _aA Time-Life Television book; consultants, C. L. Smith, J. W. Atz.
500 _aIncludes index.
504 _aBibliography: p. 126.
520 _aDiscusses fishes inhabiting lakes, rivers, estuaries, coastal waters, and the deep sea.
650 0 _aFishes.
650 1 _aFishes.
710 2 _aTime-Life Television.
001 data
999 _c479
_d479